Agricultural wages in India: (Record no. 507224)

000 -LEADER
fixed length control field 00340nam a2200109 4500
082 ## - DEWEY DECIMAL CLASSIFICATION NUMBER
Classification number Z472x54 W/1989-90
100 ## - MAIN ENTRY--PERSONAL NAME
Personal name India. Directorate of Economics and Statistics
9 (RLIN) 1134
245 ## - TITLE STATEMENT
Title Agricultural wages in India:
Remainder of title 1989-90
Statement of responsibility, etc by Ministry of Agriculture
260 ## - PUBLICATION, DISTRIBUTION, ETC. (IMPRINT)
Place of publication, distribution, etc Delhi
Name of publisher, distributor, etc Controller of Publications
Date of publication, distribution, etc 1991
300 ## - PHYSICAL DESCRIPTION
Extent 212p.
942 ## - ADDED ENTRY ELEMENTS (KOHA)
Source of classification or shelving scheme
Holdings
Withdrawn status Lost status Source of classification or shelving scheme Damaged status Koha normalized classification for sorting Not for loan Permanent location Current location Date acquired Full call number Barcode Date last seen Price effective from Koha item type
        Z_472X54_W_198990   Indian Institute of Public Administration Indian Institute of Public Administration 2019-02-07 Z472x54 W/1989-90 GG34105 2019-02-07 2019-02-07 GG

Powered by Koha